The Incredibles Franchise - Statistics

General Stats
  • This quiz has been taken 50 times
  • The average score is 6 of 10
Answer Stats
Type Year Name Info % Correct
Film 2018 Incredibles 2 Disney-Pixar
100%
Film 2004 The Incredibles Disney-Pixar
100%
Video Game 2004 The Incredibles THQ
100%
Short Film 2005 Jack-Jack Attack Disney-Pixar
80%
Video Game 2018 Lego The Incredibles Warner Bros.
73%
Video Game 2005 The Incredibles: Rise of the Underminer THQ
48%
Short Film 2018 Auntie Edna Disney-Pixar
43%
Theme Park Attraction 2018-Present Incredicoaster Disneyland
33%
Short Film 2005 Mr. Incredible and Pals Disney-Pixar
20%
Video Game 2004 The Incredibles: When Danger Calls THQ
13%
No matching quizzes found
Score Distribution
Percent of People with Each Score
Percentile by Number Answered
Your Score History
You have not taken this quiz